[Event "Leverkusen-ch op 14th"]
[Site "?"]
[Date "2002.04.22"]
[Round "8"]
[White "Hegmann Werner"]
[Black "Kuechenhofen Rudolf"]
[Result "1/2-1/2"]
[WhiteElo "1797"]
[BlackElo "1607"]
[PlyCount "124"]
[EventDate "2002.??.??"]
[Source "www.chesslib.no"]
[SourceDate "2004.05.04"]

1. e4 e5 2. Nf3 Nc6 3. Bc4 Nf6 4. Ng5 d5 5. exd5 Na5 6. d3 h6 7. Nf3 e4 8. Qe2 Nxc4 9. dxc4 Bd6 10. Nd4 O-O 11. h3 Re8 12. Be3 c6 13. dxc6 Be5 14. c3 Bxd4 15. cxd4 bxc6 16. Nc3 Ba6 17. b3 Nd5 18. Qd2 Nxe3 19. Qxe3 f5 20. O-O-O Qa5 21. Kb2 Rab8 22. Kc2 Qb4 23. Rb1 Qa3 24. g4 f4 25. Qxf4 Rf8 26. Qd2 Rf3 27. Rhg1 Rd3 28. Qe1 Rxd4 29. Rg3 Rbd8 30. Re3 Rd2+ 31. Qxd2 Rxd2+ 32. Kxd2 Qd6+ 33. Ke2 Qb4 34. Nxe4 Bxc4+ 35. Kf3 Bd5 36. Rbe1 Qd6 37. Kg2 Qf4 38. f3 a5 39. R1e2 Qf8 40. Nc3 Bf7 41. Ne4 Qa3 42. Rc2 a4 43. Rec3 axb3 44. axb3 Bxb3 45. Nc5 Qb4 46. Nxb3 Qa4 47. Nc5 Qf4 48. Nd3 Qd6 49. Nf2 h5 50. gxh5 Qf6 51. Rc5 Qf4 52. Ne4 Qf7 53. Ng3 Qb3 54. Rxc6 Qe3 55. Rc7 Kh7 56. h4 Qf4 57. R2c4 Qd2+ 58. Kh3 Qe3 59. Rg4 Qe6 60. Rcxg7+ Kh8 61. Ne4 Qf5 62. Kg2 Qxf3+ 1/2-1/2

[Event "Mind Sports Games - Blitz Pair"]
[Site "Pechino CINA"]
[Date "2008.10.08"]
[Round "4"]
[White "Chen Peng An"]
[Black "Uchida, N."]
[Result "1-0"]
[WhiteElo "1553"]
[BlackElo "1822"]
[PlyCount "75"]
[EventDate "2008.10.08"]
[Source "www.chesslib.no"]
[SourceDate "2004.05.04"]

1. e4 e5 2. Nf3 Nc6 3. Bc4 Nf6 4. Ng5 d5 5. exd5 Na5 6. d3 Nxd5 7. Bxd5 Qxd5 8. Qf3 Qxf3 9. Nxf3 Nc6 10. O-O Bd6 11. Nc3 Bg4 12. Ng5 f6 13. Nge4 O-O 14. Nxd6 cxd6 15. h3 Be6 16. Ne4 Rad8 17. Be3 b6 18. b3 Nb4 19. Rfc1 Rc8 20. Nxd6 Rxc2 21. Rxc2 Nxc2 22. Rc1 Nxe3 23. fxe3 Rd8 24. Nb5 a6 25. Na3 Rxd3 26. Rc6 Bf7 27. Rc8+ Be8 28. Rxe8+ Kf7 29. Rb8 b5 30. Ra8 Rxe3 31. Rxa6 Re2 32. Rb6 Rxa2 33. Nxb5 e4 34. Nd6+ Kg6 35. Nxe4 Re2 36. Nc3 Re3 37. Nd5 Re5 38. Nc7 1-0

[Event "V Memorial Zichichi"]
[Site "Ladispoli ITA"]
[Date "2008.05.??"]
[Round "7"]
[White "Musmarra, Giovanni"]
[Black "Placchetta, Omero"]
[Result "0-1"]
[WhiteElo "1744"]
[BlackElo "1622"]
[PlyCount "42"]
[EventDate "2008.05.01"]
[Source "www.chesslib.no"]
[SourceDate "2004.05.04"]

1. e4 e5 2. Nf3 Nc6 3. Bc4 Nf6 4. Ng5 d5 5. exd5 Na5 6. d3 Nxc4 7. dxc4 Bc5 8. Qe2 O-O 9. Ne4 Nxe4 10. Qxe4 f5 11. Qe2 f4 12. O-O Qf6 13. Re1 Bd6 14. f3 Bf5 15. Nc3 Qg6 16. Ne4 Bxe4 17. Qxe4 Rf5 18. Bd2 Raf8 19. Bc3 Bc5+ 20. Kh1 Qh6 21. b4 Qxh2+ 0-1

[Event "Trenton, Mich."]
[Site "?"]
[Date "1991.08.17"]
[Round "1"]
[White "Austin Joel"]
[Black "Moody David"]
[Result "0-1"]
[WhiteElo "1358"]
[BlackElo "2000"]
[PlyCount "100"]
[EventDate "1991.??.??"]
[Source "www.chesslib.no"]
[SourceDate "2004.05.04"]

1. e4 e5 2. Nf3 Nc6 3. Bc4 Nf6 4. Ng5 d5 5. exd5 Na5 6. d3 e4 7. Qe2 Nxc4 8. dxc4 Bf5 9. f3 Bc5 10. fxe4 O-O 11. Be3 Bxe3 12. Qxe3 Nxe4 13. Nxe4 Bxe4 14. O-O Bxc2 15. b3 Re8 16. Qf2 Bg6 17. Nd2 Qe7 18. Rfe1 Qb4 19. Nf3 a5 20. Ne5 a4 21. Nxg6 hxg6 22. Rxe8+ Rxe8 23. Qf3 axb3 24. axb3 Re1+ 25. Rxe1 Qxe1+ 26. Qf1 Qe3+ 27. Qf2 Qxb3 28. Qh4 Qd1+ 29. Kf2 Qd2+ 30. Kf1 g5 31. Qg4 Qf4+ 32. Qxf4 gxf4 33. Kf2 Kf8 34. Kf3 Ke7 35. Kxf4 Kd6 36. Ke4 Kc5 37. Kd3 b5 38. cxb5 Kxd5 39. h4 f5 40. h5 Kc5 41. Ke3 Kxb5 42. Kf4 c5 43. Kxf5 c4 44. Kg6 c3 45. Kxg7 c2 46. h6 c1=Q 47. h7 Qg5+ 48. Kh8 Qg6 49. g4 Qf7 50. g5 Qf8# 0-1

[Event "FRA Team Ch U18"]
[Site "France"]
[Date "1996.??.??"]
[Round "10"]
[White "Chhor, Amandine"]
[Black "Sabater, Jonathan"]
[Result "0-1"]
[WhiteElo "1640"]
[BlackElo "1700"]
[PlyCount "54"]
[EventDate "1996.??.??"]
[Source "www.chesslib.no"]
[SourceDate "2004.05.04"]

1. e4 e5 2. Nf3 Nc6 3. Bc4 Nf6 4. Ng5 d5 5. exd5 Na5 6. d3 Be7 7. Nc3 Nxd5 8. Nxd5 Bxg5 9. Bxg5 Qxg5 10. Qf3 Qd8 11. Nb6 Nxc4 12. Nxa8 Nd6 13. O-O O-O 14. Qg3 Re8 15. h4 b6 16. Rae1 f6 17. f4 e4 18. h5 Bb7 19. Nxb6 axb6 20. f5 Nf7 21. Rf4 exd3 22. Rd4 Qxd4+ 23. Kh1 Rxe1+ 24. Qxe1 Qe4 25. Qxe4 Bxe4 26. cxd3 Bxd3 27. g4 Be2 0-1

[Event "Corr"]
[Site "?"]
[Date "2001.07.03"]
[Round "?"]
[White "Okuma Yutaka"]
[Black "Lima Paulo Roberto"]
[Result "0-1"]
[WhiteElo "1802"]
[BlackElo "1523"]
[PlyCount "72"]
[EventDate "2001.??.??"]
[Source "www.chesslib.no"]
[SourceDate "2004.05.04"]

1. e4 e5 2. Nf3 Nc6 3. Bc4 Nf6 4. Ng5 d5 5. exd5 Na5 6. d3 h6 7. Nf3 e4 8. Qe2 Nxc4 9. dxc4 Bc5 10. h3 O-O 11. Nfd2 e3 12. fxe3 Bxe3 13. Kd1 Re8 14. Qd3 Nh5 15. Nf3 Nf4 16. Qf1 Bxc1 17. Kxc1 Ne2+ 18. Kd1 Ng3 19. Qg1 Nxh1 20. Qxh1 c6 21. Nc3 cxd5 22. cxd5 b5 23. b4 Bb7 24. Kd2 Bxd5 25. Nxd5 Qxd5+ 26. Kc1 Qc4 27. a3 Rac8 28. Qd1 Red8 29. Nd2 Qc3 30. Ra2 Rc6 31. Qe2 Re6 32. Nb1 Qf6 33. c4 Qf4+ 34. Nd2 Rxe2 35. c5 Re1+ 36. Kc2 Qxd2+ 0-1

[Event "Corr"]
[Site "?"]
[Date "2001.01.30"]
[Round "?"]
[White "Andre Jean Philippe"]
[Black "Beltran Oliver Jorge"]
[Result "0-1"]
[WhiteElo "1560"]
[BlackElo "1700"]
[PlyCount "62"]
[EventDate "2001.??.??"]
[Source "www.chesslib.no"]
[SourceDate "2004.05.04"]

1. e4 e5 2. Nf3 Nc6 3. Bc4 Nf6 4. Ng5 d5 5. exd5 Na5 6. d3 Bc5 7. Nc3 O-O 8. h3 Bd4 9. Nge4 Nxe4 10. Nxe4 f5 11. Nd2 b5 12. Bxb5 Qxd5 13. c4 Qxg2 14. Qf3 Qxf3 15. Nxf3 Bb7 16. Nxd4 Bxh1 17. Nc2 a6 18. Ba4 Nc6 19. Be3 Bf3 20. Kd2 Rab8 21. Bb3 Rfd8 22. Rg1 f4 23. Bc5 Be4 24. Ne1 Bxd3 25. Nxd3 e4 26. Bd6 Rxd6 27. c5+ Rxb3 28. cxd6 Rxd3+ 29. Kc2 cxd6 30. Rg4 Nd4+ 31. Kc1 Rf3 0-1

[Event "DEM U18w"]
[Site "Oberhof"]
[Date "1999.05.23"]
[Round "2"]
[White "Guhr, Katja"]
[Black "Schulz, Tina"]
[Result "1-0"]
[WhiteElo "1485"]
[BlackElo "1763"]
[PlyCount "69"]
[EventDate "1999.05.29"]
[Source "www.chesslib.no"]
[SourceDate "2004.05.04"]

1. e4 e5 2. Nf3 Nc6 3. Bc4 Nf6 4. Ng5 d5 5. exd5 Na5 6. d3 h6 7. Nf3 Bg4 8. h3 Bxf3 9. Qxf3 Qd7 10. Nc3 Bb4 11. Bd2 O-O 12. O-O a6 13. a3 Bxc3 14. Bxc3 Nxc4 15. dxc4 b5 16. Bxe5 Nh7 17. cxb5 axb5 18. Qg3 f6 19. Bxc7 Qxd5 20. Bd6 Rfc8 21. Rfd1 Qc6 22. c3 Ng5 23. Qd3 Kh8 24. Qd5 Qe8 25. Re1 Qg6 26. Bg3 Rd8 27. Qb7 Qf5 28. Re7 Ne6 29. Re1 Nc5 30. Qxb5 Qg5 31. h4 Qf5 32. b4 Rxa3 33. Qxc5 Qxc5 34. bxc5 Rxc3 35. Re8+ 1-0

[Event "Bader mem op"]
[Site "?"]
[Date "2000.10.22"]
[Round "4.24"]
[White "Bakos Balasz"]
[Black "Varga Zoltan Fabony"]
[Result "1-0"]
[WhiteElo "1542"]
[BlackElo "1704"]
[PlyCount "45"]
[EventDate "2000.??.??"]
[Source "www.chesslib.no"]
[SourceDate "2004.05.04"]

1. e4 e5 2. Nf3 Nc6 3. Bc4 Nf6 4. Ng5 d5 5. exd5 Na5 6. d3 Nxc4 7. dxc4 Be7 8. Nf3 Bg4 9. h3 e4 10. hxg4 exf3 11. Qxf3 Nd7 12. Bf4 Bf6 13. Qe4+ Qe7 14. Qxe7+ Kxe7 15. c3 Nc5 16. Kd2 Rae8 17. f3 c6 18. g5 Bxc3+ 19. bxc3 Rd8 20. d6+ Ke6 21. g4 Na4 22. Re1+ Kd7 23. Re7+ 1-0

[Event "GER-chT U12"]
[Site "?"]
[Date "2002.12.29"]
[Round "5.1"]
[White "Teren Tomas"]
[Black "Rosner Jonas"]
[Result "0-1"]
[WhiteElo "1534"]
[BlackElo "1660"]
[PlyCount "70"]
[EventDate "2002.??.??"]
[Source "www.chesslib.no"]
[SourceDate "2004.05.04"]

1. e4 e5 2. Nf3 Nc6 3. Bc4 Nf6 4. Ng5 d5 5. exd5 Na5 6. d3 Bd6 7. Be3 O-O 8. Nd2 Bf5 9. O-O Re8 10. f3 a6 11. Nge4 b5 12. Nxf6+ Qxf6 13. Bb3 Qg6 14. Ne4 Nb7 15. Ng3 Bd7 16. Qe1 f5 17. Bd2 Kh8 18. Kh1 Re7 19. Bb4 Qf7 20. Bxd6 cxd6 21. a3 Rc8 22. Qd2 Ree8 23. c3 Nc5 24. Ba2 Rc7 25. d4 exd4 26. Qxd4 Bc8 27. Rfe1 Rce7 28. Rf1 f4 29. b4 fxg3 30. bxc5 Qh5 31. h3 Bxh3 32. Rfc1 Bxg2+ 33. Kxg2 Qh2+ 34. Kf1 Qh1+ 35. Qg1 Qxf3+ 0-1

[Event "Southend"]
[Site "?"]
[Date "2002.03.30"]
[Round "3"]
[White "Hare Roy T"]
[Black "Jones Humphrey CN"]
[Result "1-0"]
[WhiteElo "1544"]
[BlackElo "1392"]
[PlyCount "106"]
[EventDate "2002.??.??"]
[Source "www.chesslib.no"]
[SourceDate "2004.05.04"]

1. e4 e5 2. Nf3 Nc6 3. Bc4 Nf6 4. Ng5 d5 5. exd5 Na5 6. d3 Nxc4 7. dxc4 Bc5 8. O-O O-O 9. Nc3 h6 10. Nge4 Bd4 11. Nxf6+ Qxf6 12. Be3 Bxc3 13. bxc3 Rd8 14. Re1 c6 15. Qd2 Bf5 16. Bc5 b6 17. Ba3 cxd5 18. cxd5 Rac8 19. Bb2 Rc4 20. Re3 Be4 21. Qe2 Qg6 22. Rg3 Qf5 23. Qxc4 Rxd5 24. h3 Rd2 25. Rf1 Bxc2 26. Rf3 Qg6 27. Bc1 Rd3 28. Rxd3 Bxd3 29. Qc8+ Kh7 30. Re1 Bf5 31. Qc4 Bxh3 32. g3 Qh5 33. Qh4 Qf5 34. Qe4 Qxe4 35. Rxe4 f6 36. Be3 Kg6 37. Ra4 Kf5 38. Rxa7 g5 39. Rb7 Ke4 40. Rxb6 Kd3 41. a4 Kxc3 42. a5 Bg4 43. a6 Bf3 44. a7 f5 45. Rb8 f4 46. gxf4 exf4 47. Bb6 Kd3 48. a8=Q Bxa8 49. Rxa8 Ke4 50. Rh8 Kf3 51. Rxh6 Kg4 52. Rg6 Kh5 53. Rg8 f3 1-0

[Event "Corr"]
[Site "?"]
[Date "2001.04.01"]
[Round "?"]
[White "Anderson Michael"]
[Black "Mohay Peter"]
[Result "1-0"]
[WhiteElo "1563"]
[BlackElo "1000"]
[PlyCount "47"]
[EventDate "2001.??.??"]
[Source "www.chesslib.no"]
[SourceDate "2004.05.04"]

1. e4 e5 2. Nf3 Nc6 3. Bc4 Nf6 4. Ng5 d5 5. exd5 Na5 6. d3 h6 7. Nf3 e4 8. Qe2 Nxc4 9. dxc4 Bc5 10. Nc3 Qe7 11. Nd2 e3 12. fxe3 Qxe3 13. Nb3 Qxe2+ 14. Nxe2 Bd6 15. Bf4 Ne4 16. O-O b6 17. Ned4 Bd7 18. Rae1 O-O-O 19. Rxe4 f5 20. Ree1 Bxf4 21. Rxf4 g5 22. Rff1 Rhf8 23. Ne6 Bxe6 24. Rxe6 1-0